UGC NET/JRF/SET (Record no. 136483)
[ view plain ]
| 000 -LEADER | |
|---|---|
| fixed length control field | 00473nam a22001817a 4500 |
| 003 - CONTROL NUMBER IDENTIFIER | |
| control field | OSt |
| 005 - DATE AND TIME OF LATEST TRANSACTION | |
| control field | 20250123144128.0 |
| 008 - FIXED-LENGTH DATA ELEMENTS--GENERAL INFORMATION | |
| fixed length control field | 250122b |||||||| |||| 00| 0 eng d |
| 020 ## - INTERNATIONAL STANDARD BOOK NUMBER | |
| International Standard Book Number | 978-93-6319-083-2 |
| 040 ## - CATALOGING SOURCE | |
| Transcribing agency | SBCL |
| 082 ## - DEWEY DECIMAL CLASSIFICATION NUMBER | |
| Classification number | 371.26 |
| Item number | KOL-C |
| 100 ## - MAIN ENTRY--PERSONAL NAME | |
| Personal name | Koli,LN |
| 245 ## - TITLE STATEMENT | |
| Title | UGC NET/JRF/SET |
| Remainder of title | Commerce |
| 260 ## - PUBLICATION, DISTRIBUTION, ETC. | |
| Place of publication, distribution, etc. | Agra |
| Name of publisher, distributor, etc. | UPKAR |
| Date of publication, distribution, etc. | 2024 |
| 300 ## - PHYSICAL DESCRIPTION | |
| Extent | 408p. |
| 650 ## - SUBJECT ADDED ENTRY--TOPICAL TERM | |
| Topical term or geographic name entry element | Education |
| 942 ## - ADDED ENTRY ELEMENTS (KOHA) | |
| Koha item type | BOOK |
| 650 ## - SUBJECT ADDED ENTRY--TOPICAL TERM | |
| Source of heading or term | Social sciences |
| Form subdivision | Schools & their activities; special education |
| Withdrawn status | Lost status | Source of classification or shelving scheme | Damaged status | Not for loan | Home library | Current library | Date acquired | Total Checkouts | Full call number | Barcode | Shelving location | Date last seen | Date last checked out | Cost, replacement price | Price effective from | Koha item type |
|---|---|---|---|---|---|---|---|---|---|---|---|---|---|---|---|---|
| Dewey Decimal Classification | Added to bundle | SB LIBRARY | SB LIBRARY | 22/01/2025 | 1 | 371.26 KOL-C | 142631 | REFERENCE READING ROOM | 23/01/2025 | 23/01/2025 | 400.00 | 22/01/2025 | BOOK |